| 000 | 00559cam a22001931a 4500 | ||
|---|---|---|---|
| 003 | OSt | ||
| 005 | 20171014115230.0 | ||
| 008 | 171014b xxu||||| |||| 00| 0 eng d | ||
| 040 |
_aLDCLIB _cLDCLIB |
||
| 082 |
_222 _a340.9 _bCHE |
||
| 100 | 1 |
_aCheshire, G. C. _9370 |
|
| 245 | 1 | 0 |
_aPrivate International Law / _cG.C. Cheshire. |
| 250 | _a7th ed. | ||
| 260 |
_aLondon : _bButterworths, _c1965. |
||
| 300 |
_alxi, 628 p. ; _c26 cm. |
||
| 504 | _aIncludes bibliographical references and index. | ||
| 650 | 0 |
_aConflict of laws _zGreat Britain. _9371 |
|
| 942 |
_2ddc _cBK |
||
| 999 |
_c133 _d133 |
||